000 00352 a2200133 4500
001 155835
040 _cEscola São Tomás de Aquino
100 _aROCHA, Ruth
240 1 0 _aOs direitos das crianças segundo Ruth Rocha
_lpor
245 1 0 _aOs direitos das crianças segundo Ruth Rocha
362 0 _a2002
697 _a*LITERATURA INFANTO
942 _cBK
999 _c155835
_d155835